Nové formy financovania firiem v podmienkach EÚ a ich aproximácia v SR

Vymedzenie ABS - Asset Backed Securities. Subjekty zúčastnené na ABS. Priebeh ABS transakcie. Ciele a výhody ABS. Riziká ABS. Opatrenia na zabezpečenie bonity (Credit enhancement) Fázy financovania ABS. Budúcnosť investícií do ABS cenných papierov. Nové emisie ABS v Európe.

Na minha lista:
Detalhes bibliográficos
Autor principal: Pavelka, Ľuboš, 1962-
Outros Autores: Poliačik, Ivan
Formato: Capítulo de Livro
Idioma:eslovaco
Assuntos:
Tags: Adicionar Tag
Sem tags, seja o primeiro a adicionar uma tag!

MARC

LEADER 00000naa$a2200000$$$4500
001 0051025
005 20240711093022.0
041 0 |a slo 
044 |a SK 
245 1 0 |a Nové formy financovania firiem v podmienkach EÚ a ich aproximácia v SR 
520 |a Vymedzenie ABS - Asset Backed Securities. Subjekty zúčastnené na ABS. Priebeh ABS transakcie. Ciele a výhody ABS. Riziká ABS. Opatrenia na zabezpečenie bonity (Credit enhancement) Fázy financovania ABS. Budúcnosť investícií do ABS cenných papierov. Nové emisie ABS v Európe. 
610 2 0 |a financie podnikové 
610 2 0 |a Európska únia 
610 2 0 |a Slovensko 
610 2 0 |a podnikanie obozretné 
610 2 0 |a emisia 
610 2 0 |a papiere cenné 
610 2 0 |a investície 
610 2 0 |a zdroje finančné 
610 2 0 |a aproximácia práva 
100 1 |a Pavelka, Ľuboš, 1962- 
700 1 |a Poliačik, Ivan